ព្រះនាងព្រិលស និង បុរសតឿទាំង៧ / (Record no. 8665)

MARC details
000 -LEADER
fixed length control field 02595nam a22002777a 4500
001 - CONTROL NUMBER
control field 8665
003 - CONTROL NUMBER IDENTIFIER
control field FISKH
005 - DATE AND TIME OF LATEST TRANSACTION
control field 20251009095858.0
008 - FIXED-LENGTH DATA ELEMENTS--GENERAL INFORMATION
fixed length control field 251009b cb ||||| |||| 00| 0 eng d
040 ## - CATALOGING SOURCE
Original cataloging agency FISKH
Language of cataloging khr
Transcribing agency FISKH
Modifying agency FISKH
050 ## - LIBRARY OF CONGRESS CALL NUMBER
Classification number PZ7
082 ## - DEWEY DECIMAL CLASSIFICATION NUMBER
Classification number 398.2
100 ## - MAIN ENTRY--PERSONAL NAME
Personal name Anonymous
245 ## - TITLE STATEMENT
Title ព្រះនាងព្រិលស និង បុរសតឿទាំង៧ /
Statement of responsibility, etc. By Anonymous
260 ## - PUBLICATION, DISTRIBUTION, ETC.
Place of publication, distribution, etc. Phnom Penh :
Name of publisher, distributor, etc. រោងពុម្ព នីដា​ ,
300 ## - PHYSICAL DESCRIPTION
Extent 16 pages :
Other physical details color illustrations ;
Dimensions 21 cm .
505 ## - FORMATTED CONTENTS NOTE
Formatted contents note F <br/>
520 ## - SUMMARY, ETC.
Summary, etc. រឿងនេះជារឿងនិទានអំពី ព្រះនាងព្រិលស ដែលមានសម្រស់ស្រស់ស្អាតខ្លាំង។ ម្តាយចុងរបស់នាងបញ្ជាឲ្យសេនានាំព្រះនាងទៅព្រៃដើម្បីសម្លាប់ ប៉ុន្តែ គាត់បានលើកលែងព្រះនាង។ ព្រះនាងបានគេចខ្លួនទៅរស់នៅជាមួយបុរសតឿទាំងប្រាំពីរនាក់ក្នុងព្រៃ។<br/>ម្តាយចុងនៅតែបន្តព្យាយាមសម្លាប់ព្រះនាងជាច្រើនដង ដោយប្រើផ្លែប៉មពុល។ បន្ទាប់មកព្រះនាងបានស្លាប់ដោយសារផ្លែប៉ោមពុល ។ ព្រះអង្គម្ចាស់ម្នាក់បានមកឃើញ និងសង្គោះនាង បន្ទាប់មកពួកគេបានរៀបការគ្នា និងរស់នៅយូរអង្វែងដោយសុខសាន្ត។
520 ## - SUMMARY, ETC.
Summary, etc. This story is a fairy tale about Snow White, who was very beautiful. Her stepmother ordered a soldier to take her into the forest to kill her, but he spared her life. Snow White escaped and went to live with seven dwarfs in the forest.<br/>The stepmother continued to try to kill her many times, eventually using a poisoned apple. Snow White died because of the poisoned apple. Later, a prince came, found her, and rescued her. After that, they got married and lived happily ever after.
521 8# - TARGET AUDIENCE NOTE
Target audience note 300 <br/>
Source Lexile estimate <br/>
521 8# - TARGET AUDIENCE NOTE
Target audience note F <br/>
Source Raz-Plus <br/>
650 ## - SUBJECT ADDED ENTRY--TOPICAL TERM
Topical term or geographic name entry element ព្រះនាងព្រិលស និង បុរសតឿទាំង៧
650 ## - SUBJECT ADDED ENTRY--TOPICAL TERM
Topical term or geographic name entry element Snow White and the Seven Dwarfs
942 ## - ADDED ENTRY ELEMENTS (KOHA)
Source of classification or shelving scheme Dewey Decimal Classification
Koha item type Khmer Books
Suppress in OPAC No
Holdings
Withdrawn status Lost status Source of classification or shelving scheme Damaged status Not for loan Collection Home library Current library Shelving location Date acquired Total Checkouts Full call number Barcode Date last seen Copy number Price effective from Koha item type
    Dewey Decimal Classification     Khmer Language Books / សៀវភៅភាសាខ្មែរ Footprints International School Library Network Toul Tom Poung Campus Footprints International School Library Network Toul Tom Poung Campus TTP Primary Khmer Bookshelves 10/09/2025   ANO PZ7 398.2 FISBK072214 10/09/2025 1 10/09/2025 Khmer Books
    Dewey Decimal Classification     Khmer Language Books / សៀវភៅភាសាខ្មែរ Footprints International School Library Network Toul Tom Poung Campus Footprints International School Library Network Toul Tom Poung Campus TTP Primary Khmer Bookshelves 12/12/2025   ANO PZ7 398.2 FISBK03840 12/12/2025 2 12/12/2025 Khmer Books